| 000 | 00494nam a2200193Ia 4500 | ||
|---|---|---|---|
| 008 | 170918s9999 xx 000 0 und d | ||
| 020 | _a978043985377x | ||
| 050 | _bA669 2004 | ||
| 100 | _aArchambaul, John | ||
| 245 | _aBoom chicka rock / | ||
| 245 | _cby John Archambaul ; illustrated by Suzanne Tanner Chitwood. | ||
| 260 | _aNew York : | ||
| 260 | _bScholastic, | ||
| 260 | _c2004 | ||
| 300 | _aunpaged : | ||
| 300 | _bcolored illustration ; | ||
| 300 | _c28cm. | ||
| 500 | _a100 | ||
| 999 |
_c342965 _d342965 |
||